Rosa Krüger

Na minha lista:
Detalhes bibliográficos
Autor principal: Sánchez-Mazas, Rafael (Author)
Formato: Livro
Idioma:espanhol
Publicado em: Madrid Trieste 1984
Assuntos:
Tags: Adicionar Tag
Sem tags, seja o primeiro a adicionar uma tag!

MARC

LEADER 00000nam a2200000 a 4500
001 UCQ7966
003 CL-VaPUC
008 981121e19840000SP |||||||||||||||||spa|d
082 0 4 |a 863  |b SAN  |2 21 
100 0 |a Sánchez-Mazas, Rafael  |e author  |9 421783 
245 1 0 |a Rosa Krüger 
300 |a 386 p 
942 |c BK 
945 |d 19981121 00:00:00  |a crobeson 
260 |a Madrid  |b Trieste  |c 1984 
650 0 |a Literatura española  |9 306261 
650 0 |a Novelas españolas  |9 265052 
583 |a last modification  |c 19981121 00:00:00  |k Rodrigo Vera 
999 |c 277339  |d 277337 
952 |0 0  |1 0  |4 0  |6 863_000000000000000_SAN_1984  |7 0  |8 A  |9 315231  |a FDOPOS  |b FDOPOS  |d 2019-11-20  |i 149550K  |o 863 SAN 1984  |p 149550K  |r 2025-01-22  |w 2019-11-20  |y BK  |k MLH